000 00580nam a2200217Ia 4500
003 OSt
005 20221007082407.0
006 a|||||r|||| 00| 0
007 ta
008 221006b |||||||| |||| 00| 0 eng d
024 _a21,160
037 _cTextual
040 _aFLL
_cFLL
_beng
041 _2eng
_aeng
082 _aZxM41w, H3
100 _aLerner Max
245 0 _aMind and faith of justice holmes
_b His speeches, essays letters and judicial opinions
260 _c1943
942 _hZxM41w, H3
_cTEXL
_2CC
999 _c1166277
_d1166277